| 000 | 00646nam a2200217Ia 4500 | ||
|---|---|---|---|
| 001 | 5748 | ||
| 003 | GE_BSU | ||
| 008 | 181216s||||||||xx |||||||||||||| ||und|| | ||
| 040 | _cGE_BSU | ||
| 080 | _a517.91 | ||
| 100 | _aДемидович Б.П., | ||
| 245 | _aЛекции по математической теории устойчивости | ||
| 245 | _cРедН.П. Купцов | ||
| 260 | _aМосква | ||
| 260 | _bНаука | ||
| 260 | _c1987 | ||
| 300 | _a472с 22 см | ||
| 300 | _eБиблиогрс-470-472 | ||
| 653 | _aЛекции по математической теории устойчивости | ||
| 942 | _cBK | ||
| 999 |
_c39165 _d39165 |
||